000 00326nam a22001457a 4500
008 210310b ||||| |||| 00| 0 eng d
020 _a9780781785921
041 _aeng
080 _212th
_a610.73
082 _a610.73
100 _a3
101 _aINF
245 _aMedical-Surgical Nursing
_cWilliams,L
942 _2udc
_cBK
999 _c56215
_d56215